[Event "Gibraltar Open"]
[Site "Caleta ENG"]
[Date "2012.01.24"]
[Round "1"]
[White "Le, Quang Liem"]
[Black "Karim, Ismael"]
[Result "1-0"]
[WhiteElo "2714"]
[BlackElo "2405"]
[PlyCount "56"]
[EventDate "2012.01.24"]

1. d4 d5 2. c4 c6 3. Nf3 Nf6 4. Qb3 e6 5. Bg5 Nbd7 6. Nc3 Be7 7. e3 b6 8. cxd5
Nxd5 9. h4 h6 10. Nxd5 exd5 11. Bf4 Bb7 12. Bd3 c5 13. Bf5 Bc6 14. dxc5 bxc5
15. O-O O-O 16. Rfd1 Qb6 17. Qc2 Rad8 18. Rac1 a5 19. Qb3 Qa6 20. Bc7 Rc8 21.
Bg3 Rcd8 22. Qc2 Rfe8 23. Bh7+ Kh8 24. Bd3 Qa7 25. b3 Bf8 26. Bf5 Nf6 27. Be5
d4 28. Nxd4 Rxd4 1-0

[Event "Gibraltar Open"]
[Site "Caleta ENG"]
[Date "2012.01.24"]
[Round "1"]
[White "Shirov, Alexei"]
[Black "Lyrberg, Patrik"]
[Result "1/2-1/2"]
[WhiteElo "2710"]
[BlackElo "2435"]
[PlyCount "136"]
[EventDate "2012.01.24"]

1. d4 Nf6 2. c4 e6 3. Nf3 d5 4. g3 Bb4+ 5. Bd2 Qe7 6. Bg2 Nc6 7. O-O O-O 8. Qc2
Rd8 9. Rd1 dxc4 10. Qxc4 Bxd2 11. Rxd2 e5 12. d5 Nb8 13. e4 b5 14. Qc2 b4 15.
Rd1 c6 16. Nbd2 cxd5 17. exd5 Bb7 18. Ng5 Na6 19. Nc4 Qc5 20. Ne4 Nxe4 21. Qxe4
f6 22. Rac1 Qb5 23. Ne3 Rac8 24. Qf5 Qd7 25. Qe6+ Kf8 26. Bh3 Qxe6 27. Bxe6 Rc7
28. h4 g6 29. h5 f5 30. hxg6 hxg6 31. Nc4 e4 32. f4 exf3 33. Ne3 Ke7 34. Nc4
Kf6 35. Na5 Ba8 36. Nb3 g5 37. Kf2 g4 38. Rh1 Rxc1 39. Rxc1 Bb7 40. Ke3 Ke5 41.
Nd4 Bxd5 42. Bxf5 Bb7 43. Rc4 Rxd4 44. Rxd4 Kxf5 45. Rf4+ Ke5 46. Rxg4 Nc7 47.
Rg5+ Kd6 48. Ra5 a6 49. g4 Nb5 50. g5 Ke6 51. Ra4 Nd4 52. Kf2 Nc2 53. Ra5 b3
54. axb3 Nb4 55. Ke3 Nc2+ 56. Kf2 Nd4 57. Rc5 Nb5 58. b4 Nd6 59. Rc7 Kf5 60.
Rd7 Ke6 61. Rc7 Kf5 62. Rd7 Ne4+ 63. Kxf3 Nc5+ 64. Rxb7 Nxb7 65. g6 Kxg6 66.
Ke4 Kf6 67. Kd5 Ke7 68. Kc6 Nd6 1/2-1/2

[Event "Gibraltar Open"]
[Site "Caleta ENG"]
[Date "2012.01.24"]
[Round "1"]
[White "Sutovsky, Emil"]
[Black "Hanley, Craig A"]
[Result "0-1"]
[WhiteElo "2703"]
[BlackElo "2421"]
[PlyCount "66"]
[EventDate "2012.01.24"]

1. e4 e5 2. Nf3 Nc6 3. Bb5 f5 4. d3 fxe4 5. dxe4 Nf6 6. O-O d6 7. Qd3 a6 8.
Bxc6+ bxc6 9. Qc4 Bd7 10. Nc3 h6 11. b3 g5 12. Ba3 Nh5 13. Rad1 g4 14. Nxe5
dxe5 15. Bxf8 Kxf8 16. f4 Qe7 17. fxe5+ Kg7 18. Rxd7 Qxd7 19. e6 Qd2 20. Rf7+
Kg6 21. Qf1 Qd4+ 22. Kh1 Qe5 23. Ne2 Qxe4 24. e7 Rhe8 25. Nd4 Rxe7 26. Rxe7
Qxe7 27. Qd3+ Kf7 28. Qc4+ Kg6 29. Qd3+ Kf7 30. Qc4+ Kf8 31. Ne6+ Ke8 32. g3
Nf6 33. Qxc6+ Kf7 0-1

[Event "Gibraltar Open"]
[Site "Caleta ENG"]
[Date "2012.01.24"]
[Round "1"]
[White "Sasikiran, Krishnan"]
[Black "Quillan, Gary"]
[Result "1-0"]
[WhiteElo "2700"]
[BlackElo "2409"]
[PlyCount "85"]
[EventDate "2012.01.24"]

1. d4 e6 2. c4 Nf6 3. Nc3 c5 4. d5 exd5 5. cxd5 d6 6. e4 g6 7. f4 Bg7 8. Bb5+
Nfd7 9. a4 Qh4+ 10. g3 Qd8 11. Nf3 O-O 12. O-O a6 13. Bd3 Nf6 14. Kg2 Bg4 15.
h3 Bxf3+ 16. Qxf3 Nbd7 17. a5 Qc7 18. Bd2 c4 19. Bc2 b5 20. axb6 Nxb6 21. Nd1
Nfd7 22. Bc3 Bxc3 23. Qxc3 Nc5 24. Ne3 f6 25. Rfe1 Rac8 26. h4 Qb7 27. h5 Rce8
28. Qd4 Nb3 29. Bxb3 cxb3 30. Rac1 Nd7 31. Rc6 Nc5 32. Ng4 Qe7 33. hxg6 hxg6
34. e5 fxe5 35. fxe5 Qg5 36. Rxd6 Rf5 37. Nf6+ Rxf6 38. Rxf6 Nd7 39. Qf4 Qh5
40. g4 Qh7 41. Rd6 Rc8 42. Rc6 Rf8 43. Qe4 1-0

[Event "Gibraltar Open"]
[Site "Caleta ENG"]
[Date "2012.01.24"]
[Round "1"]
[White "Molina, Roberto Junio Brito"]
[Black "Mamedyarov, Shakhriyar"]
[Result "0-1"]
[WhiteElo "2415"]
[BlackElo "2747"]
[PlyCount "66"]
[EventDate "2012.01.24"]

1. d4 g6 2. Nf3 f5 3. g3 Nf6 4. Bg2 Bg7 5. O-O O-O 6. b3 c5 7. e3 Ne4 8. Bb2 d5
9. Qe2 b5 10. Ne5 Ba6 11. Rd1 Qc7 12. f3 Nd6 13. dxc5 Nf7 14. Nd3 Bxb2 15. Nxb2
Qxc5 16. Nd3 Qb6 17. Nb4 e6 18. a4 bxa4 19. Nxa6 Nxa6 20. Rxa4 Nc5 21. Ra1 Nd6
22. Qf2 Rac8 23. Bf1 g5 24. Rd4 a5 25. Qd2 f4 26. gxf4 gxf4 27. b4 Nd7 28. bxa5
Qa7 29. Bh3 Kh8 30. Kh1 Ne5 31. Qe2 fxe3 32. Qxe3 Nxf3 33. Rd3 Rxc2 0-1

[Event "Gibraltar Open"]
[Site "Caleta ENG"]
[Date "2012.01.24"]
[Round "1"]
[White "Aloma Vidal, Robert"]
[Black "Almasi, Zoltan"]
[Result "0-1"]
[WhiteElo "2431"]
[BlackElo "2717"]
[PlyCount "66"]
[EventDate "2012.01.24"]

1. d4 g6 2. c4 Bg7 3. Nc3 d6 4. e4 e5 5. Nge2 Nd7 6. Be3 Ngf6 7. f3 O-O 8. Qd2
a6 9. d5 Rb8 10. Nc1 Nh5 11. Nd3 f5 12. O-O-O Ndf6 13. Be2 Qe8 14. c5 fxe4 15.
fxe4 Nf4 16. Bf3 Ng4 17. Bxg4 Bxg4 18. Rde1 Nxd3+ 19. Qxd3 Qe7 20. cxd6 cxd6
21. Kb1 b5 22. Rc1 Qh4 23. a3 b4 24. axb4 Rxb4 25. Qxa6 Rfb8 26. Rc2 Qd8 27.
Re1 Ra8 28. Bg5 Qb8 29. Qc6 Bf8 30. Be3 Qd8 31. Bg5 Qa5 32. Rf2 Qa1+ 33. Kc2
Qxb2+ 0-1

[Event "Gibraltar Open"]
[Site "Caleta ENG"]
[Date "2012.01.24"]
[Round "1"]
[White "Bellon Lopez, Juan Manuel"]
[Black "Laznicka, Viktor"]
[Result "0-1"]
[WhiteElo "2422"]
[BlackElo "2704"]
[PlyCount "111"]
[EventDate "2012.01.24"]

1. d4 e6 2. Nf3 Nf6 3. Bg5 h6 4. Bxf6 Qxf6 5. e4 d6 6. Nc3 Nd7 7. Qd2 a6 8.
O-O-O Qd8 9. g4 g6 10. h4 Bg7 11. e5 d5 12. Ne2 c5 13. c3 b5 14. Nf4 Qb6 15.
dxc5 Qxc5 16. Qd4 Rb8 17. Nd3 Qc7 18. Kb1 a5 19. Be2 Ba6 20. Rc1 O-O 21. Rhe1
Rfc8 22. g5 h5 23. Bf1 Qb7 24. b3 Bf8 25. Rc2 b4 26. Rec1 a4 27. cxb4 Rxc2 28.
Kxc2 axb3+ 29. axb3 Bxd3+ 30. Bxd3 Bxb4 31. Kd1 Ba3 32. Rb1 Bc5 33. Qf4 Qa7 34.
Qa4 Qb7 35. b4 Bxf2 36. Qc2 Bg3 37. Bxg6 Nxe5 38. Nxe5 Bxe5 39. Bh7+ Kg7 40.
Qe2 Kxh7 41. Qxe5 Qb5 42. Qe2 Kg6 43. Qxb5 Rxb5 44. Kc2 Kf5 45. Kb3 Rb7 46.
Rf1+ Kg4 47. Rg1+ Kf3 48. g6 fxg6 49. Rxg6 e5 50. Rg5 Kf4 51. Rxh5 d4 52. Kc4
Rc7+ 53. Kd5 d3 54. Rh8 d2 55. Rf8+ Ke3 56. Rf1 0-1

[Event "Gibraltar Open"]
[Site "Caleta ENG"]
[Date "2012.01.25"]
[Round "2"]
[White "Jussupow, Artur"]
[Black "Svidler, Peter"]
[Result "1/2-1/2"]
[WhiteElo "2569"]
[BlackElo "2749"]
[PlyCount "60"]
[EventDate "2012.01.24"]

1. d4 Nf6 2. c4 g6 3. Nf3 Bg7 4. g3 c6 5. Bg2 d5 6. cxd5 cxd5 7. O-O O-O 8. Ne5
e6 9. Nc3 Nfd7 10. Nf3 Nf6 11. Bf4 Nc6 12. Ne5 Nxe5 13. Bxe5 Bd7 14. Qd2 Qe7
15. Rac1 Bc6 16. Rc2 Rfd8 17. Rfc1 Ne8 18. Bxg7 Kxg7 19. Qf4 Nd6 20. b3 Qf6 21.
Qxf6+ Kxf6 22. e3 Rac8 23. f3 Ke7 24. Kf2 f6 25. Bf1 Be8 26. Bd3 Bf7 27. Ne2
Rxc2 28. Rxc2 Rc8 29. Rxc8 Nxc8 30. h4 Nd6 1/2-1/2

[Event "Gibraltar Open"]
[Site "Caleta ENG"]
[Date "2012.01.25"]
[Round "2"]
[White "Mamedyarov, Shakhriyar"]
[Black "Nabaty, Tamir"]
[Result "1-0"]
[WhiteElo "2747"]
[BlackElo "2563"]
[PlyCount "53"]
[EventDate "2012.01.24"]

1. d4 Nf6 2. c4 e6 3. Nf3 Bb4+ 4. Bd2 Qe7 5. a3 Bxd2+ 6. Qxd2 d5 7. Nc3 O-O 8.
e3 Nbd7 9. cxd5 exd5 10. Bd3 c5 11. O-O c4 12. Bc2 Rb8 13. Rfe1 Qd6 14. Ng5 Ng4
15. Bxh7+ Kh8 16. f4 f5 17. h3 Nh6 18. Qf2 Rf6 19. g4 g6 20. Qh4 Kg7 21. Bxg6
Kxg6 22. gxf5+ Kg7 23. e4 dxe4 24. Ncxe4 Qxd4+ 25. Kh1 Nf8 26. Nxf6 Qxf6 27.
Re7+ 1-0

[Event "Gibraltar Open"]
[Site "Caleta ENG"]
[Date "2012.01.25"]
[Round "2"]
[White "Almasi, Zoltan"]
[Black "Korchnoi, Viktor"]
[Result "1-0"]
[WhiteElo "2717"]
[BlackElo "2558"]
[PlyCount "99"]
[EventDate "2012.01.24"]

1. e4 e6 2. d4 d5 3. Nc3 Nf6 4. e5 Nfd7 5. f4 c5 6. Nf3 Nc6 7. Be3 Be7 8. Be2
O-O 9. Qd2 f6 10. exf6 Nxf6 11. dxc5 Qa5 12. Nb5 Qxd2+ 13. Nxd2 a6 14. Nd6 d4
15. Bf2 Nd7 16. Nb3 Nxc5 17. Nxc8 Raxc8 18. Nxd4 Nxd4 19. Bxd4 Rxf4 20. O-O-O
Bf6 21. Bxf6 Rxf6 22. Bf3 Rc7 23. Rhe1 Kf7 24. Re3 a5 25. Rc3 b6 26. a3 Ke7 27.
b4 axb4 28. axb4 Na6 29. Rxc7+ Nxc7 30. Bc6 Rf7 31. Kb2 Kf6 32. c4 Na6 33. Kc3
Ke5 34. Bf3 g5 35. h3 Rf4 36. Rd7 h5 37. Bxh5 b5 38. Be2 Rf2 39. Bf3 bxc4 40.
Ra7 Ra2 41. b5 Ra3+ 42. Kxc4 Ra4+ 43. Kc3 Nc5 44. Rxa4 Nxa4+ 45. Kb4 Nb6 46.
Kc5 Na4+ 47. Kc6 Kd4 48. Bd1 Nc5 49. g3 e5 50. h4 1-0

[Event "Gibraltar Open"]
[Site "Caleta ENG"]
[Date "2012.01.25"]
[Round "2"]
[White "Del Rio De Angelis, Salvador G"]
[Black "Le, Quang Liem"]
[Result "0-1"]
[WhiteElo "2531"]
[BlackElo "2714"]
[PlyCount "68"]
[EventDate "2012.01.24"]

1. d4 Nf6 2. c4 g6 3. Nc3 d5 4. cxd5 Nxd5 5. e4 Nxc3 6. bxc3 Bg7 7. Nf3 c5 8.
Rb1 O-O 9. Be2 b6 10. O-O Qc7 11. Be3 Bb7 12. Bd3 Nd7 13. e5 Rad8 14. e6 fxe6
15. Ng5 c4 16. Bc2 Bd5 17. Nxh7 Kxh7 18. Qh5+ Kg8 19. Qxg6 Rf6 20. Qh7+ Kf7 21.
Qh5+ Kf8 22. Bg5 e5 23. Bxf6 Nxf6 24. Qxe5 Qxe5 25. dxe5 Ng4 26. Rfe1 Nxe5 27.
Rbd1 Rd6 28. f4 Nc6 29. Re3 b5 30. a3 a5 31. Kf1 b4 32. axb4 axb4 33. cxb4 Nxb4
34. Ba4 c3 0-1

[Event "Gibraltar Open"]
[Site "Caleta ENG"]
[Date "2012.01.25"]
[Round "2"]
[White "Laznicka, Viktor"]
[Black "Pavlovic, Milos"]
[Result "1-0"]
[WhiteElo "2704"]
[BlackElo "2531"]
[PlyCount "51"]
[EventDate "2012.01.24"]

1. Nf3 Nf6 2. g3 d5 3. Bg2 e6 4. O-O Be7 5. d3 O-O 6. Nbd2 a5 7. e4 a4 8. e5
Nfd7 9. c4 Nb6 10. Qe2 Nc6 11. Rd1 f6 12. d4 fxe5 13. dxe5 Qe8 14. h3 Qg6 15.
cxd5 exd5 16. Nf1 Be6 17. Be3 Nc4 18. Bf4 a3 19. bxa3 Rxa3 20. Ne3 Rxf4 21.
gxf4 Nxe3 22. fxe3 Bc5 23. Ng5 Rxe3 24. Qb5 Bb6 25. Kh1 Nd4 26. Qa4 1-0

[Event "Gibraltar Open"]
[Site "Caleta ENG"]
[Date "2012.01.25"]
[Round "2"]
[White "Vachier-Lagrave, Maxime"]
[Black "Zatonskih, Anna"]
[Result "1/2-1/2"]
[WhiteElo "2699"]
[BlackElo "2506"]
[PlyCount "80"]
[EventDate "2012.01.24"]

1. e4 e6 2. d4 d5 3. Nd2 c5 4. exd5 Qxd5 5. dxc5 Nf6 6. Ngf3 Qxc5 7. Bd3 Nbd7
8. O-O Qc7 9. Nd4 a6 10. Re1 Ne5 11. Ne4 Nxd3 12. Nxf6+ gxf6 13. Qxd3 Bd7 14.
Qf3 Be7 15. Re3 e5 16. Nf5 Bc6 17. Qg4 h5 18. Qh3 Rd8 19. Rd3 Rxd3 20. Qxd3 Qd7
21. Qxd7+ Bxd7 22. Nxe7 Kxe7 23. Be3 Rc8 24. c3 Bf5 25. f3 b5 26. a4 Bd7 27.
axb5 axb5 28. Ra6 Rc6 29. Ra5 Rc4 30. Kf2 Ke6 31. Ra6+ Rc6 32. Ra8 Rc8 33. Ra7
f5 34. f4 f6 35. g3 Rc4 36. Rb7 Kd6 37. Ba7 Ke6 38. Bb8 h4 39. Ra7 hxg3+ 40.
hxg3 Rc8 1/2-1/2

[Event "Tata Steel 2012"]
[Site "Wijk aan Zee NED"]
[Date "2012.01.27"]
[Round "11"]
[White "Aronian, L."]
[Black "Navara, D."]
[Result "0-1"]
[WhiteElo "2805"]
[BlackElo "2712"]
[PlyCount "120"]
[EventDate "2012.01.14"]

1. Nf3 Nf6 2. c4 g6 3. Nc3 d5 4. cxd5 Nxd5 5. Qb3 Nb6 6. d4 Bg7 7. e4 Bg4 8.
Bb5+ c6 9. Ng5 O-O 10. Be2 Bxe2 11. Nxe2 Na6 12. Be3 Qd6 13. O-O Qb4 14. Qxb4
Nxb4 15. Rfc1 e5 16. Nf3 exd4 17. Bxd4 Rfe8 18. Bxg7 Kxg7 19. Ng3 Rad8 20. Ne1
Rd2 21. a3 Nd3 22. Nxd3 Rxd3 23. Rab1 Re5 24. Rd1 Rxd1+ 25. Rxd1 Rb5 26. b4 Nc4
27. Rd3 a5 28. bxa5 Rxa5 29. f4 Rxa3 30. Rd7 b5 31. e5 b4 32. e6 b3 33. Rxf7+
Kh6 34. Rb7 b2 35. Kf2 Ra7 36. Rb8 Ra8 37. Rb7 Ra2 38. Ne2 Nd6 39. e7 Nxb7 40.
e8=Q b1=Q 41. Qf8+ Kh5 42. Qe7 Qb6+ 43. Kf3 Qb3+ 44. Kf2 Rxe2+ 45. Qxe2+ Kh6
46. g4 Nd8 47. Qe7 Ne6 48. Qh4+ Kg7 49. Qe7+ Kg8 50. Qe8+ Nf8 51. Qxc6 Qe6 52.
Qf3 Nd7 53. h3 Kf7 54. Qc3 Qd5 55. Kg3 Nc5 56. Kh4 h6 57. Qh8 g5+ 58. fxg5
hxg5+ 59. Kh5 Qe4 60. Kxg5 Ne6+ 0-1

[Event "Tata Steel 2012"]
[Site "Wijk aan Zee NED"]
[Date "2012.01.27"]
[Round "11"]
[White "Gashimov, V."]
[Black "Radjabov, T."]
[Result "0-1"]
[WhiteElo "2761"]
[BlackElo "2773"]
[PlyCount "106"]
[EventDate "2012.01.14"]

1. e4 c5 2. Nc3 e6 3. Nf3 Nc6 4. d4 cxd4 5. Nxd4 Nf6 6. Nxc6 bxc6 7. e5 Nd5 8.
Ne4 Qc7 9. f4 Qa5+ 10. c3 Be7 11. Bd3 f5 12. Nf2 O-O 13. O-O Qc7 14. Be2 d6 15.
c4 Nb6 16. c5 dxc5 17. b3 a5 18. Bc4 a4 19. Be3 Nd5 20. Qe2 Qb6 21. Bd2 Ba6 22.
Nd3 Bb5 23. Kh1 Qa6 24. Rac1 axb3 25. axb3 Bxc4 26. bxc4 Nb4 27. Be3 Rfd8 28.
Ne1 Qa2 29. Qxa2 Rxa2 30. Rf2 Ra3 31. Re2 Kf7 32. Kg1 h6 33. Kf1 g5 34. g3 Rd7
35. Rd2 Rda7 36. Bf2 Rb3 37. Kg2 Ke8 38. Kf1 Raa3 39. Rcd1 gxf4 40. gxf4 Rc3
41. Bxc5 Bxc5 42. Rd8+ Kf7 43. R1d7+ Kg6 44. Rg8+ Kh5 45. Rh7 Rf3+ 46. Nxf3
Rxf3+ 47. Kg2 Rxf4 48. Rgh8 Rg4+ 49. Kh3 Nd3 50. Rxh6+ Kg5 51. Rg8+ Kxh6 52.
Rh8+ Kg5 53. Rh5+ Kf4 0-1

[Event "Tata Steel 2012"]
[Site "Wijk aan Zee NED"]
[Date "2012.01.27"]
[Round "11"]
[White "Van Wely, L."]
[Black "Karjakin, Sergey"]
[Result "0-1"]
[WhiteElo "2692"]
[BlackElo "2769"]
[PlyCount "110"]
[EventDate "2012.01.14"]

1. c4 Nf6 2. Nc3 e5 3. Nf3 Nc6 4. d3 d5 5. cxd5 Nxd5 6. e3 Be7 7. Be2 O-O 8.
O-O Be6 9. a3 a5 10. Qc2 f5 11. Na4 Qd6 12. Rd1 Rad8 13. d4 e4 14. Nd2 Bf7 15.
Nc3 Qh6 16. Nxd5 Bxd5 17. Bc4 Kh8 18. Bxd5 Rxd5 19. Nf1 Rd6 20. b4 axb4 21.
axb4 Rd7 22. Bd2 Bd6 23. b5 Ne7 24. Ra7 b6 25. Rda1 Qe6 26. Ra8 Rdd8 27. Rxd8
Rxd8 28. Ng3 Bxg3 29. hxg3 Nd5 30. Ra7 h6 31. Qa2 Qe8 32. Qc4 Qh5 33. Ra1 Kh7
34. Bb4 Qg6 35. Be1 h5 36. Rc1 h4 37. gxh4 f4 38. Qe2 f3 39. Qf1 Qg4 40. g3 g5
41. Kh2 gxh4 42. Qh3 Qxh3+ 43. Kxh3 hxg3 44. Kxg3 Rg8+ 45. Kh2 Rg2+ 46. Kh1 Rg6
47. Ra1 Rg8 48. Rc1 Kg6 49. Rc6+ Kf7 50. Rh6 Ra8 51. Rh7+ Kg6 52. Rh4 Nf6 53.
Bb4 Kg5 54. Rf4 Ra1+ 55. Kh2 Ng4+ 0-1

[Event "Tata Steel 2012"]
[Site "Wijk aan Zee NED"]
[Date "2012.01.28"]
[Round "12"]
[White "Karjakin, Sergey"]
[Black "Gashimov, Vugar"]
[Result "1/2-1/2"]
[WhiteElo "2769"]
[BlackElo "2761"]
[PlyCount "53"]
[EventDate "2012.01.14"]

1. d4 Nf6 2. c4 e6 3. Nf3 b6 4. g3 Ba6 5. b3 Bb4+ 6. Bd2 Be7 7. Nc3 O-O 8. e4
d5 9. cxd5 Bxf1 10. Kxf1 exd5 11. e5 Ne4 12. Kg2 Qd7 13. Qc2 Nxd2 14. Qxd2 Nc6
15. h4 Rac8 16. Rae1 Nd8 17. Ng5 Ne6 18. f4 c5 19. dxc5 Rxc5 20. Qd3 Bxg5 21.
hxg5 Nxf4+ 22. gxf4 Qg4+ 23. Kf2 Qxf4+ 24. Kg2 Qg4+ 25. Kf2 Qf4+ 26. Kg2 Qg4+
27. Kf2 1/2-1/2

[Event "Tata Steel 2012"]
[Site "Wijk aan Zee NED"]
[Date "2012.01.28"]
[Round "12"]
[White "Topalov, Veselin"]
[Black "Giri, Anish"]
[Result "1-0"]
[WhiteElo "2770"]
[BlackElo "2714"]
[PlyCount "93"]
[EventDate "2012.01.14"]

1. e4 e5 2. Nf3 Nf6 3. Nxe5 d6 4. Nf3 Nxe4 5. Nc3 Nxc3 6. dxc3 Be7 7. Be3 Nc6
8. Qd2 Be6 9. O-O-O Qd7 10. Kb1 Bf6 11. Bg5 Qe7 12. Bb5 a6 13. Bxc6+ bxc6 14.
Qf4 Bxg5 15. Nxg5 O-O 16. Rde1 Qd7 17. f3 h6 18. Nxe6 fxe6 19. Qg4 Rf5 20. Re2
e5 21. Rd1 Qf7 22. Qb4 Qd7 23. Qa4 Kh8 24. c4 Qe8 25. Rd3 Rf4 26. Qa5 Qe7 27.
c5 Rf6 28. Qc3 Qe8 29. b3 Rb8 30. a4 Ra8 31. Re4 Qc8 32. Qd2 Qf8 33. Qa5 Qe7
34. Rde3 Qd7 35. Re1 Rf5 36. Qc3 Rd8 37. g3 Rf7 38. cxd6 cxd6 39. f4 exf4 40.
gxf4 c5 41. Re6 Rxf4 42. Rxh6+ Kg8 43. Qd2 Rf7 44. Rg1 c4 45. Qg5 Rdf8 46. Qh5
Rf1+ 47. Kb2 1-0

[Event "Tata Steel 2012"]
[Site "Wijk aan Zee NED"]
[Date "2012.01.28"]
[Round "12"]
[White "Radjabov, Teimour"]
[Black "Ivanchuk, Vassily"]
[Result "1/2-1/2"]
[WhiteElo "2773"]
[BlackElo "2766"]
[PlyCount "40"]
[EventDate "2012.01.14"]

1. d4 Nf6 2. c4 c5 3. d5 b5 4. cxb5 a6 5. b6 d6 6. Nc3 Nbd7 7. e4 g6 8. Nf3 Bg7
9. Be2 Nxb6 10. O-O O-O 11. a4 Bg4 12. a5 Bxf3 13. Bxf3 Nc4 14. Qa4 Ne5 15. Be2
Ne8 16. Bg5 Nc7 17. f4 Nd7 18. e5 f6 19. exf6 Bxf6 20. Bxf6 Nxf6 1/2-1/2

[Event "Tata Steel 2012"]
[Site "Wijk aan Zee NED"]
[Date "2012.01.28"]
[Round "12"]
[White "Gelfand, Boris"]
[Black "Aronian, Levon"]
[Result "0-1"]
[WhiteElo "2739"]
[BlackElo "2805"]
[PlyCount "106"]
[EventDate "2012.01.14"]

1. d4 d5 2. c4 e6 3. Nc3 Be7 4. Bf4 Nf6 5. e3 O-O 6. a3 Nbd7 7. Nb5 Ne8 8. Nf3
c6 9. Nc3 f5 10. h3 Nd6 11. cxd5 exd5 12. Bd3 Nf6 13. Ne5 Nfe4 14. O-O Nf7 15.
Qc2 Bd6 16. Bh2 Nxe5 17. Bxe5 Bxe5 18. dxe5 a5 19. Na4 b5 20. Nc5 Qe7 21. Rac1
Qxe5 22. f4 Qd6 23. Bxe4 fxe4 24. Nb3 Bd7 25. Qc5 Qg6 26. Kh2 h5 27. Nd4 Rac8
28. b4 axb4 29. axb4 h4 30. Ne2 Rf6 31. Ra1 Rcf8 32. Qe7 R8f7 33. Qd8+ Kh7 34.
Rg1 Qh6 35. Ra7 Rf8 36. Qc7 R6f7 37. Qe5 Re8 38. Qc3 g5 39. Rf1 Qd6 40. Kg1
Ref8 41. Qc5 Qh6 42. f5 Kg8 43. f6 g4 44. hxg4 h3 45. Nf4 hxg2 46. Kxg2 Qxf6
47. Kg3 Rh7 48. g5 Qxg5+ 49. Kf2 Rxf4+ 50. exf4 Rh2+ 51. Ke3 Qg3+ 52. Kd4 Qg7+
53. Ke3 Rh3+ 0-1

[Event "Tata Steel 2012"]
[Site "Wijk aan Zee NED"]
[Date "2012.01.28"]
[Round "12"]
[White "Navara, David"]
[Black "Caruana, Fabiano"]
[Result "1/2-1/2"]
[WhiteElo "2712"]
[BlackElo "2736"]
[PlyCount "128"]
[EventDate "2012.01.14"]

1. e4 e5 2. Nf3 Nc6 3. Bb5 a6 4. Ba4 Nf6 5. O-O b5 6. Bb3 Bc5 7. c3 d6 8. d4
Bb6 9. Be3 O-O 10. Nbd2 h6 11. h3 Re8 12. Re1 Bd7 13. Bc2 Qb8 14. a3 a5 15. Bd3
Qa7 16. Bxb5 exd4 17. cxd4 Nxd4 18. Bxd7 Nxd7 19. Nxd4 Bxd4 20. Rc1 Bxe3 21.
Rxe3 a4 22. Nf3 Rab8 23. Rc2 Nc5 24. Nd4 Qb7 25. Nf5 g6 26. Nxh6+ Kg7 27. Ng4
Nb3 28. Rc4 Re6 29. Rxa4 c5 30. Rc4 Nd4 31. b4 Rxe4 32. bxc5 dxc5 33. Rxc5 Rf4
34. Rd3 Rd8 35. Qa1 Kh7 36. Nf6+ Kg7 37. Ng4 Kh7 38. Qf1 Ne2+ 39. Qxe2 Qb1+ 40.
Kh2 Qxd3 41. Qe7 Qd6 42. Qh4+ Kg7 43. Rc6 Qxc6 44. Qxd8 Qc5 45. Qd2 Qd4 46. Qc1
Rf5 47. Kg1 Rc5 48. Qh6+ Kg8 49. Qe3 Qxe3 50. Nxe3 Rc3 51. h4 Rxa3 52. g3 Kg7
53. Kg2 Kf6 54. Nd5+ Ke5 55. Nf4 Kf5 56. Nh3 Ra2 57. Kf3 f6 58. Nf4 Ra3+ 59.
Kg2 g5 60. hxg5 fxg5 61. Nd5 Ke5 62. Ne3 Ke4 63. Ng4 Ra2 64. Nf6+ Kf5 1/2-1/2

[Event "Tata Steel 2012"]
[Site "Wijk aan Zee NED"]
[Date "2012.01.28"]
[Round "12"]
[White "Carlsen, Magnus"]
[Black "Kamsky, Gata"]
[Result "1/2-1/2"]
[WhiteElo "2835"]
[BlackElo "2732"]
[PlyCount "117"]
[EventDate "2012.01.14"]

1. e4 e5 2. Nf3 Nc6 3. Bb5 a6 4. Ba4 Nf6 5. O-O Be7 6. Re1 b5 7. Bb3 O-O 8. c3
d5 9. d4 dxe4 10. Nxe5 Bb7 11. Nxc6 Bxc6 12. Bg5 Nd5 13. Bxe7 Qxe7 14. Nd2 f5
15. f3 e3 16. c4 Nf4 17. cxb5+ Kh8 18. Nc4 e2 19. Qd2 Qg5 20. Rxe2 Nxe2+ 21.
Qxe2 Bxb5 22. Qe3 f4 23. Qe5 Qh4 24. Qe1 Qxe1+ 25. Rxe1 Bxc4 26. Bxc4 c6 27.
Re6 Rf6 28. Re4 a5 29. h4 Rd8 30. Re5 a4 31. Ra5 Rfd6 32. Rxa4 Rxd4 33. b3 g6
34. Kh2 Kg7 35. Ra6 Rd2 36. a4 Rf2 37. Ra7+ Kh8 38. Kh3 h5 39. Rf7 Rdd2 40.
Rxf4 Rxg2 41. Rf7 Rh2+ 42. Kg3 Rdg2+ 43. Kf4 Rxh4+ 44. Ke5 Rg5+ 45. Kf6 Rf5+
46. Kxg6 Rxf7 47. Bxf7 Rf4 48. Be6 Rxf3 49. Kxh5 Re3 50. Bc4 Kg7 51. Kg5 Re5+
52. Kf4 Kf6 53. Bd3 Rh5 54. Be4 c5 55. Bd3 Rh4+ 56. Ke3 Ke5 57. a5 Rh3+ 58. Ke2
Kd4 59. Bc4 1/2-1/2

[Event "Tata Steel 2012"]
[Site "Wijk aan Zee NED"]
[Date "2012.01.29"]
[Round "13"]
[White "Kamsky, G."]
[Black "Topalov, V."]
[Result "1-0"]
[WhiteElo "2732"]
[BlackElo "2770"]
[PlyCount "141"]
[EventDate "2012.01.14"]

1. d4 Nf6 2. Nf3 e6 3. g3 d5 4. Bg2 b5 5. c3 a5 6. O-O Nbd7 7. Bf4 Be7 8. Qc2
c5 9. Nbd2 Bb7 10. Ne5 O-O 11. a4 bxa4 12. Qxa4 Nxe5 13. dxe5 Nd7 14. h4 Qc7
15. e4 Nb6 16. Qc2 Rfd8 17. Rfc1 h6 18. Be3 Qd7 19. exd5 Nxd5 20. Nc4 a4 21.
Re1 Qb5 22. Na3 Qa6 23. Rad1 Rab8 24. c4 Nxe3 25. Rxd8+ Rxd8 26. Rxe3 Bxg2 27.
Kxg2 Qb7+ 28. Kg1 Qb4 29. Rc3 Qb8 30. Re3 Qb4 31. Rc3 Rd7 32. Nb5 Qa5 33. Qe2
Qd8 34. Ra3 Rd2 35. Qf3 Rd1+ 36. Kh2 Qd2 37. Rxa4 Qe1 38. Nc3 Qg1+ 39. Kh3 Re1
40. Ra7 Qf1+ 41. Qg2 Qxg2+ 42. Kxg2 Bf8 43. f4 g5 44. h5 gxf4 45. gxf4 Kg7 46.
Rd7 Re3 47. Rb7 Re1 48. b3 Re3 49. Nd1 Re2+ 50. Nf2 Rc2 51. Kf3 Rc3+ 52. Ke2
Rg3 53. Ne4 Rh3 54. Nf6 Rh1 55. Rd7 Rh2+ 56. Kd3 Rh3+ 57. Kc2 Rh4 58. Ne8+ Kg8
59. f5 Rh2+ 60. Rd2 Rxd2+ 61. Kxd2 exf5 62. Nf6+ Kg7 63. Ke3 Be7 64. Nd7 Bg5+
65. Kf3 Bd2 66. Nxc5 f6 67. e6 Kf8 68. Nd3 Ke7 69. Nf4 Kd6 70. c5+ Kc6 71. Nd5
1-0

[Event "Tata Steel 2012"]
[Site "Wijk aan Zee NED"]
[Date "2012.01.29"]
[Round "13"]
[White "Van Wely, L."]
[Black "Carlsen, M."]
[Result "1/2-1/2"]
[WhiteElo "2692"]
[BlackElo "2835"]
[PlyCount "82"]
[EventDate "2012.01.14"]

1. d4 e6 2. Nf3 f5 3. g3 Nf6 4. Bg2 d5 5. O-O Bd6 6. c4 c6 7. b3 Qe7 8. Ne5 b6
9. cxd5 cxd5 10. Nc4 Nc6 11. Nxd6+ Qxd6 12. a4 Qd7 13. Ba3 Kf7 14. Nc3 Ba6 15.
f3 Rhe8 16. Qd2 Kg8 17. Rfc1 Rac8 18. Ra2 h6 19. Rac2 Na5 20. Rb1 Rc7 21. Na2
Rxc2 22. Qxc2 Nc6 23. Qd2 e5 24. dxe5 Rxe5 25. Re1 Qe6 26. f4 Rxe2 27. Rxe2
Bxe2 28. Nc3 Bh5 29. Bxd5 Nxd5 30. Qxd5 Qxd5 31. Nxd5 Bf7 32. Ne7+ Nxe7 33.
Bxe7 Bxb3 34. a5 bxa5 35. Kf2 a4 36. Ke3 Kf7 37. Ba3 g5 38. h4 Kg6 39. hxg5
hxg5 40. Kd2 Kh5 41. fxg5 Kxg5 1/2-1/2

[Event "Tata Steel 2012"]
[Site "Wijk aan Zee NED"]
[Date "2012.01.29"]
[Round "13"]
[White "Ivanchuk, V."]
[Black "Karjakin, Sergey"]
[Result "1/2-1/2"]
[WhiteElo "2766"]
[BlackElo "2769"]
[PlyCount "43"]
[EventDate "2012.01.14"]

1. e4 e5 2. Nf3 Nc6 3. Bb5 Nf6 4. O-O Nxe4 5. d4 Nd6 6. Bxc6 dxc6 7. dxe5 Nf5
8. Qxd8+ Kxd8 9. Nc3 Ke8 10. h3 h5 11. Rd1 Be7 12. Bg5 Be6 13. b3 h4 14. Kf1 a5
15. a4 Rh5 16. Bc1 Bb4 17. Ne2 Bd5 18. Ne1 Rd8 19. Bb2 Rh6 20. c4 Be6 21. Nf3
Be7 22. Rxd8+ 1/2-1/2

[Event "Tata Steel 2012"]
[Site "Wijk aan Zee NED"]
[Date "2012.01.29"]
[Round "13"]
[White "Aronian, L."]
[Black "Radjabov, T."]
[Result "1/2-1/2"]
[WhiteElo "2805"]
[BlackElo "2773"]
[PlyCount "24"]
[EventDate "2012.01.14"]

1. Nf3 Nf6 2. c4 g6 3. Nc3 Bg7 4. g3 c6 5. Bg2 d5 6. cxd5 cxd5 7. d4 O-O 8. Ne5
e6 9. O-O Nfd7 10. Nf3 Nf6 11. Ne5 Nfd7 12. Nf3 Nf6 1/2-1/2